000
00381cam a2200169ua 4500
020
_c
Rs. 1.25
041
_a
mal
_h
082
_a
894.8122
_b
GOR/AT
100
_a
Gorki, Maxim .
245
_a
Atithattukal
260
_a
Kottayam :
_b
National Book Stall ,
_c
1958.
300
_a
156 ; .
365
_a
Rs. 1.25
650
_a
Novel
942
_c
BK
999
_c
1215
_d
1215